000 01028nam a2200301 i 4500
001 000041316
003 DO-SdBNP
005 20250909132018.0
007 ta
008 130930s1998 dr 000 0 spa d
040 _aDO-SdBNP
_bspa
_cBNPHU
_erda
041 _aspa
082 4 _axxx
_bxxx
_222
245 0 0 _aMatemática para la educación media :
_blibro 1 /
_cJulián Santana, Alejandro gutiérrez, Roberto Herrera, Fernando Abréu
250 _aTercera edición revisada
264 1 _aSantiago, República Dominicana :
_bEditora Teófilo,
_c1998.
300 _a389 páginas :
_bilustraciones ;
_c21 cm.
336 _atexto
_btxt
_2rdacontent
337 _asin mediación
_bn
_2rdamedia
338 _avolumen
_bnc
_2rdacarrier
500 _aPrimer año de educación media
590 _aInventariado, 2020/ LP
700 1 _aHerrera, Roberto
_eautor
_4aut.
_937410
700 1 _aGutiérrez, Alejandro
_eautor
_4aut.
_965226
700 1 _aAbreu, Fernando
_eautor
_4aut.
_974364
910 _aBtavárez
942 _2ddc
_cLBS1
999 _c40806
_d40806